| 000 | 00411nam a2200145Ia 4500 | ||
|---|---|---|---|
| 008 | 230917s9999||||xx |||||||||||||| ||und|| | ||
| 040 |
_e44125 _aMAIN |
||
| 041 | _aEnglish | ||
| 082 | _a410 W617O | ||
| 100 | _aWhitney, William Dwight | ||
| 245 | 0 | _aOrietal and linguistic studies V1- The Veda, the Avesta, the science of language | |
| 260 |
_aDelhi _bSri Satguru _c1987 |
||
| 300 | _avii, 416 p. | ||
| 942 | _cBK | ||
| 999 |
_c57496 _d57496 |
||